Most populous California Counties - Statistics

General Stats
  • This quiz has been taken 8 times
  • The average score is 11 of 15
Answer Stats
Popolation County % Correct
9,663,345 Los Angeles
100%
1,584,288 Sacramento
100%
3,269,973 San Diego
100%
808,988 San Francisco
100%
1,622,188 Alameda
88%
1,017,162 Fresno
88%
3,135,755 Orange
88%
913,82 Kern
75%
2,195,611 San Bernardino
75%
1,155,025 Contra Costa
63%
2,492,442 Riverside
63%
726,353 San Mateo
63%
800,965 San Joaquin
50%
1,877,592 Santa Clara
50%
829,59 Ventura
38%
No matching quizzes found
Score Distribution
Percent of People with Each Score
Percentile by Number Answered
Your Score History
You have not taken this quiz